000
00365nam a2200121Ia 4500
008
151001s9999||||xx |||||||||||||| ||und||
100
_a
प्रकाश भाटकर
245
_a
कथा गुंफली अश्रूंची
250
_a
1
260
_b
ललित नाट्य प्रकाशन
300
_a
88
365
_b
17
999
_c
962567
_d
962564